Statistiques concernant Mouvement indépendant américain

Cliquez ici pour prendre le quiz!

Statistiques générales

  • Ce quiz a été pris 20 fois
  • Le résultat moyen est 9 sur 16

Statistiques - réponses

Réponse% Correct
Californie
100%
Groenland
95%
Québec
90%
Texas
90%
Porto Rico
80%
Martinique
75%
Guyane
70%
Alaska
65%
Guadeloupe
65%
Aruba
45%
Bermudes
45%
Curaçao
45%
État de Rio de Janeiro
25%
Amazonas
10%
Espírito Santo
5%
Île de Vancouver
5%

Distribution des résultats

Percentile par nombre de réponses

% des personnes avec chaque résultat

Votre développement - résultats

Vous n’avez pas pris ce quiz